01331nam a22002537a 4500003000800000008004100008037002100049039004600070040003500116080001400151100004700165245023400212260008900446300001800535502011800553650008400671650006800755655001200823700003100835710005300866942001300919999001700932952012800949BI-BuBU260604b20264/6 bd ||||f |||| 000 0|fre d bDon de l´auteur a20260604114340.0bJean Baptiste NDIKUMANA aBI-BuBUbfrecBI-BuBUdBI-BuBU a551.579.41 4aut.aNgendakumana, Christ Marie Fortuné10aCatastrophes socio-naturelles et résiliencebreprésentation et pratiques des habitants du bassin versant de la rivière gasenyi face au risque d´inondationcChrist Marie Fortuné Ngendakumana;Jean Marie Nduwayo ,directeur aBujumburabUniversité du burundi, Faculté des lettres et sciences humainesc2025 aXII-70fc30cm aMémoire présenté et soutenu publiquement en vue de l´obtention du diplome de Master en socio-anthropologie 72BI-BuBUaRisque d´inondation xCatastrophes socio-naturellezRivière gasenyi 7arisque d´inondation vrésiliencezrivière gasenyi2BI-BuBU 72BI-BuBU1 4dir.aNduwayo ,Jean Marie  aFaculté des lettres et sciences humaines4aut. 2udccMEM c53976d53976 00102udc4070985829aBCbBCd2026-06-04edon de l'auteurl0o551.579.4 NGE.p5010000672836r2026-06-04w2026-06-04yMEM